Pokémon Platine - Les capacités de type Poison - Statistiques

Statistiques générales
  • Ce quiz a été pris 31 fois
  • Le résultat moyen est 10 sur 16
Statistiques - réponses
Gen Catégorie Capacité % Correct
I Statut Toxik
93%
II Spéciale Bomb-Beurk
86%
I Physique Dard-Venin
86%
I Statut Poudre Toxik
72%
III Physique Crochetvenin
69%
IV Physique Direct Toxik
69%
I Spéciale Acide
66%
IV Physique Détricanon
66%
I Statut Gaz Toxik
66%
IV Statut Pics Toxik
62%
I Spéciale Détritus
59%
IV Physique Poison-Croix
59%
III Physique Queue-Poison
59%
I Spéciale Puredpois
55%
I Statut Acidarmure
52%
IV Statut Suc Digestif
14%
Aucun quiz correspondant
Distribution des résultats
% des personnes avec chaque résultat
Percentile par nombre de réponses
Votre historique - résultats
Vous n’avez pas pris ce quiz